01084nac a22002411u 4500010001600000020004700016082002500063090001500088100003400103245022500137260005000362300002800412500002100440500001500461504005100476511002800527650004600555650005000601700002600651942002400677999001500701952012600716 a 91007637 a1558883150 (lib. bdg. : acid-free paper) :00a338.04092273aBbARO c7016d7016 aAronoff, Craig E. 00aContemporary entrepreneurs :bprofiles of entrepreneurs and the businesses they started, representing 74 companies in 30 industries : including biographical information ... /cedited by Craig E. Aronoff and John L. Ward. aDetroit, Mich. :bOmnigraphics,c1992.cc1992. axviii, 488 p. ;c24 cm. aDonations - AUC. aDonations. aIncludes bibliographical references and index. aCatalogued By: Mahitab. 0aBusinesspeoplezUnited StatesxBiography. 0aBusiness enterpriseszUnited StatesxHistory.1 aWard, John L.,c1945- cBBk338.04092273ARO c7016d7016 00104070aMAINbMAINc1STd2011-12-07ePurchasel5m43o338.04092273AROp000008486r2025-07-15 00:00:00s2015-01-11yBB